书目信息 |
| 题名: |
身体的故事
|
|
| 作者: | 石山水 编著 | |
| 分册: | ||
| 出版信息: | 北京 金城出版社 2006.01 |
|
| 页数: | 306页 | |
| 开本: | 24cm | |
| 丛书名: | ||
| 单 册: | ||
| 中图分类: | R322-49 | |
| 科图分类: | ||
| 主题词: | 人体器官--普及读物 | |
| 电子资源: | ||
| ISBN: | 7-80084-804-3 | |
| 000 | 00591 nam 000217 | |
| 001 | 012000000657 | |
| 005 | 20070902090345.05 | |
| 010 | @a7-80084-804-3@dCNY29.80 | |
| 100 | @a20070713d2006 em y0chiy0121 ea | |
| 101 | @achi | |
| 102 | @aCN@b110000 | |
| 105 | @ay z 000yy | |
| 200 | 10 | @a身体的故事@9shen ti de gu shi@f石山水编著@Fdan shan shui bian zhu |
| 210 | @a北京@c金城出版社@d2006.01 | |
| 215 | @a306页@d24cm | |
| 606 | @a人体器官@y普及读物 | |
| 690 | @aR322-49@v4 | |
| 701 | 0 | @a石山水@9dan shan shui@4编著 |
| 801 | @aCN@c20070902 | |
| 901 | @a000001 | |
| 905 | @dR322-49@eS536 | |
| 身体的故事/石山水编著.-北京:金城出版社,2006.01 |
| 306页;24cm |
| ISBN 7-80084-804-3:CNY29.80 |
| ● |
| 相关链接 |
|
|
|
正题名:身体的故事
索取号:R322-49/S536
 
预约/预借
| 序号 | 登录号 | 条形码 | 馆藏地/架位号 | 状态 | 备注 |
| 1 | 641851 | 206418517 | 自科库401/401自科库 14排1列2层/ [索取号:R322-49/S536] | 在馆 | |
| 2 | 641852 | 206418526 | 自科库401/401自科库 14排1列2层/ [索取号:R322-49/S536] | 在馆 | |
| 3 | 641853 | 206418535 | 自科库401/401自科库 14排1列2层/ [索取号:R322-49/S536] | 在馆 |